[Event "Turtle Speed # 31"]
[Site "SchemingMind.com"]
[Date "2009.04.08"]
[Round "-"]
[White "Darnell"]
[Black "jtrochez1"]
[Result "1-0"]
[WhiteCountry "CAN"]
[BlackCountry "HON"]
[WhiteElo "1526"]
[WhiteRD "80"]
[BlackElo "1534"]
[BlackRD "51"]
[GameID "199707"]

1. e4 e5 2. Nf3 d6 3. Bc4 h6 4. d4 Bg4 5. dxe5 dxe5 6. Qxd8+ Kxd8 7. Nxe5 Bh5 8. Nxf7+ Bxf7 9. Bxf7 Bd6 10. Nc3 Nf6
11. f4 Be7 12. h3 a6 13. Be3 Nc6 14. O-O-O+ Kc8 15. e5 Ne8 16. Be6+ Kb8 17. Rd7 g5 18. Nd5 Rh7 19. f5 Nxe5 20. Rxe7 Rxe7
21. Nxe7 b6 22. Bd5 Ra7 23. Bd4
1-0

[Event "Turtle Speed # 31"]
[Site "SchemingMind.com"]
[Date "2009.04.08"]
[Round "-"]
[White "Darnell"]
[Black "jpants"]
[Result "1-0"]
[WhiteCountry "CAN"]
[BlackCountry "USA"]
[WhiteElo "1610"]
[WhiteRD "116"]
[BlackElo "1262"]
[BlackRD "78"]
[GameID "199708"]

1. e4 e5 2. Nf3 Nc6 3. Bc4 Bc5 4. O-O Nf6 5. Nxe5 Nxe5 6. d4 Nxc4 7. dxc5 Nxe4 8. Qd5 Nxc5 9. Qxc5 d5 10. Re1+ Be6
11. b3 Nb6 12. Bb2 Qd6 13. Qxd6 cxd6 14. Bxg7 Rg8 15. Bf6 Rc8 16. Nc3 Nd7 17. Bd4 b6 18. Re2 Rg4 19. Nb5 Nc5 20. f3 Rxd4
21. Nxd4 Nd7 22. Nb5 a6 23. Nxd6+ Kd8 24. Nxc8 Kxc8 25. Rae1 Nc5 26. b4 Nd7 27. g4 h6 28. h3 a5 29. bxa5 bxa5 30. Kf2 d4
31. Rxe6
1-0

[Event "Turtle Speed # 31"]
[Site "SchemingMind.com"]
[Date "2009.04.09"]
[Round "-"]
[White "jtrochez1"]
[Black "Darnell"]
[Result "1-0"]
[WhiteCountry "HON"]
[BlackCountry "CAN"]
[WhiteElo "1520"]
[WhiteRD "54"]
[BlackElo "1356"]
[BlackRD "74"]
[GameID "199709"]

1. e4 e5 2. Nf3 Nc6 3. d4 exd4 4. Nxd4 Bc5 5. Nf3 Nf6 6. Bd3 d6 7. h3 Qe7 8. O-O O-O 9. Bg5 Ne5 10. Nc3 c6
11. Na4 Bb4 12. c3 Ba5 13. b4 Bd8 14. Nxe5 dxe5 15. Nb2 Be6 16. Kh1 Qd7 17. Bxf6 Bxf6 18. Qf3 Rad8 19. Rad1 Qe7 20. a3 g6
21. Bc4 Bg7 22. Qe3 b5 23. Rxd8 Rxd8 24. Bxe6 Qxe6 25. Rd1 Rxd1+ 26. Nxd1 Qb3 27. Qc1 a6 28. Qb2 Qxd1+ 29. Kh2 Bh6 30. g3
1-0

[Event "Turtle Speed # 31"]
[Site "SchemingMind.com"]
[Date "2009.04.09"]
[Round "-"]
[White "jpants"]
[Black "Darnell"]
[Result "0-1"]
[WhiteCountry "USA"]
[BlackCountry "CAN"]
[WhiteElo "1262"]
[WhiteRD "78"]
[BlackElo "1610"]
[BlackRD "116"]
[GameID "199710"]

1. d4 Nf6 2. Nc3 d5 3. Bf4 c5 4. e3 Nc6 5. dxc5 e5 6. Bg5 Bxc5 7. Qd3 Qd6 8. O-O-O Nb4 9. Qd2 Bf5 10. a3 Nxc2
11. Nb5 Qc6 12. a4 a5 13. Bd3 Bxd3 14. Qxd3 Nb4 15. Qc3 Na2+ 16. Kc2 Nxc3 17. Kxc3 Bxe3+ 18. Kd3 Bxg5 19. Nf3 Qc4#
0-1

[Event "Turtle Speed # 31"]
[Site "SchemingMind.com"]
[Date "2009.04.13"]
[Round "-"]
[White "dla ani"]
[Black "jtrochez1"]
[Result "1-0"]
[WhiteCountry "POL"]
[BlackCountry "HON"]
[WhiteElo "1906"]
[WhiteRD "120"]
[BlackElo "1534"]
[BlackRD "51"]
[GameID "199859"]

1. e4 e5 2. Nf3 d6 3. Nc3 Be6 4. d4 h6 5. dxe5 a6 6. exd6 Qxd6 7. Qxd6 cxd6 8. Bf4 Nc6 9. O-O-O O-O-O 10. Be2 Be7
11. Nd5 Bxd5 12. exd5 Nb8 13. Rhe1 Bf6 14. Be3 Ne7 15. Bc4 Nd7 16. Bd4 Rhe8 17. Bxf6 Nxf6 18. Bb3 Kb8 19. c4 Nc8 20. Nd4 Rxe1
21. Rxe1 g6 22. Bc2 Re8 23. Rxe8 Nxe8 24. Kd2 Kc7 25. Ke3 Nf6 26. f3 Ne7 27. Ne2 b6 28. h4 b5 29. b3 b4 30. Ng3 h5
31. Ne4 Nxe4 32. Bxe4 f5 33. Bc2 Kb6 34. Kf4 Kc5 35. Kg5 Kd4 36. Kf6 Kc3 37. Kxe7 Kxc2 38. Kxd6 Kb2 39. Kc5
1-0

[Event "Turtle Speed # 31"]
[Site "SchemingMind.com"]
[Date "2009.04.10"]
[Round "-"]
[White "dla ani"]
[Black "jpants"]
[Result "1-0"]
[WhiteCountry "POL"]
[BlackCountry "USA"]
[WhiteElo "1873"]
[WhiteRD "132"]
[BlackElo "1262"]
[BlackRD "78"]
[GameID "199860"]

1. e4 e5 2. Nf3 d6 3. Nc3 Be6 4. d4 Nc6 5. d5 Nf6 6. dxe6 fxe6 7. Bb5 Qd7 8. Be3 a6 9. Ba4 d5 10. exd5 exd5
11. Nxe5 Qe6 12. Nxc6 bxc6 13. O-O Rd8 14. Ne2 Rb8 15. Nd4 Qe4 16. Bxc6+ Nd7 17. Re1 g6 18. Bg5 Bc5 19. Rxe4+ dxe4 20. Ne6 Rc8
21. Qxd7#
1-0

[Event "Turtle Speed # 31"]
[Site "SchemingMind.com"]
[Date "2009.04.13"]
[Round "-"]
[White "jtrochez1"]
[Black "dla ani"]
[Result "0-1"]
[WhiteCountry "HON"]
[BlackCountry "POL"]
[WhiteElo "1534"]
[WhiteRD "51"]
[BlackElo "1906"]
[BlackRD "120"]
[GameID "199862"]

1. e4 c5 2. Nf3 Nf6 3. d3 Nc6 4. Nc3 d6 5. h3 g6 6. Be3 e5 7. Be2 Bg7 8. a3 O-O 9. Qd2 Nd4 10. Bh6 Bxh6
11. Qd1 Nxf3+ 12. Bxf3 Be6 13. Qe2 Nd7 14. Bg4 Bxg4 15. hxg4 Bg7 16. g3 Rb8 17. f4 exf4 18. gxf4 Nf6 19. g5 Nh5 20. Qf3 f6
21. gxf6 Qxf6 22. f5 Qg5 23. Nd5 Rbe8 24. c3 Rxf5 25. Qe3 Rxd5 26. Qxg5 Rxg5 27. O-O-O d5 28. exd5 Rxd5 29. c4 Rde5 30. b3 Re2
31. a4 Ra2 32. Rhe1 Rxe1 33. Rxe1 Ra1+ 34. Kd2 Bc3+
0-1

[Event "Turtle Speed # 31"]
[Site "SchemingMind.com"]
[Date "2009.04.10"]
[Round "-"]
[White "jpants"]
[Black "dla ani"]
[Result "0-1"]
[WhiteCountry "USA"]
[BlackCountry "POL"]
[WhiteElo "1262"]
[WhiteRD "78"]
[BlackElo "1873"]
[BlackRD "132"]
[GameID "199863"]

1. d4 Nf6 2. f3 d5 3. Nc3 Bf5 4. e3 e6 5. b3 c5 6. dxc5 Bxc5 7. Nge2 O-O 8. Nf4 Nc6 9. Bb5 Rc8 10. O-O Qb6
11. Bxc6 Rxc6 12. Qe1 Bb4 13. Bd2 Rfc8 14. a3 Bxc3 15. Bxc3 Rxc3 16. Rf2 Rxc2 17. Rxc2 Rxc2 18. Rc1 Qxb3 19. Rxc2 Bxc2 20. Qa5 Qb6
21. Qc3 Ba4 22. Qc8+ Be8 23. Kf2 Qc6 24. Qxc6 bxc6
0-1

[Event "Turtle Speed # 31"]
[Site "SchemingMind.com"]
[Date "2009.04.10"]
[Round "-"]
[White "Darnell"]
[Black "dla ani"]
[Result "0-1"]
[WhiteCountry "CAN"]
[BlackCountry "POL"]
[WhiteElo "1610"]
[WhiteRD "116"]
[BlackElo "1873"]
[BlackRD "132"]
[GameID "199864"]

1. e4 c5 2. d4 cxd4 3. c3 dxc3 4. Nf3 cxb2 5. Bxb2 d6 6. Bc4 Nc6 7. O-O Nf6 8. Ng5 e6 9. Nc3 Be7 10. f4 Qb6+
11. Rf2 h6 12. Nh3 O-O 13. Kh1 d5 14. exd5 exd5 15. Nxd5 Nxd5 16. Bxd5 Bxh3 17. Bxc6 Qxf2
0-1

[Event "Turtle Speed # 31"]
[Site "SchemingMind.com"]
[Date "2009.04.13"]
[Round "-"]
[White "rampichino"]
[Black "jtrochez1"]
[Result "0-1"]
[WhiteCountry "ITA"]
[BlackCountry "HON"]
[WhiteElo "1287"]
[WhiteRD "99"]
[BlackElo "1540"]
[BlackRD "53"]
[GameID "199866"]

1. e4 e5 2. Nf3 d6 3. d4 Nc6 4. Bb5 Bd7 5. Nc3 h6 6. Be3 Nge7 7. Qd2 Qc8 8. O-O-O a6 9. Bxc6 bxc6 10. dxe5 Ng6
11. Nh4 Nxh4 12. g3 Nf3 13. Qe2 Nxe5 14. Bf4 Bg4 15. Qd2 Bxd1 16. Bxe5 Bf3
0-1

[Event "Turtle Speed # 31"]
[Site "SchemingMind.com"]
[Date "2009.04.10"]
[Round "-"]
[White "rampichino"]
[Black "dla ani"]
[Result "0-1"]
[WhiteCountry "ITA"]
[BlackCountry "POL"]
[WhiteElo "1268"]
[WhiteRD "94"]
[BlackElo "2050"]
[BlackRD "81"]
[GameID "199869"]

1. e4 c5 2. c3 Nf6 3. e5 Nd5 4. d4 cxd4 5. Nf3 Nc6 6. Bc4 Nb6 7. Bb3 d5 8. exd6 e6 9. O-O dxc3 10. Nxc3 Bxd6
11. Nb5 Bb8 12. Qxd8+ Nxd8 13. Be3 Bd7 14. Nc3 Nc6 15. Rfd1 Bc7 16. Nb5 O-O-O 17. Rd2 Kb8 18. Nxc7 Kxc7 19. Rad1 f6 20. Bxb6+ axb6
21. Nd4 Nxd4 22. Rxd4 e5 23. Rd6 Bc6 24. R6d2 Rxd2 25. Rxd2 Rd8 26. Rxd8 Kxd8 27. Kf1 Kd7 28. g3 Kd6 29. Bc2 g6 30. h4 Bf3
31. Ke1 Bd5 32. b3= Kc5 33. a3 Kd4 34. Kd2 Be4 35. Bd1 h6
0-1

[Event "Turtle Speed # 31"]
[Site "SchemingMind.com"]
[Date "2009.04.13"]
[Round "-"]
[White "jtrochez1"]
[Black "rampichino"]
[Result "1-0"]
[WhiteCountry "HON"]
[BlackCountry "ITA"]
[WhiteElo "1594"]
[WhiteRD "53"]
[BlackElo "1268"]
[BlackRD "94"]
[GameID "199870"]

1. e4 e5 2. Nf3 Nc6 3. Bc4 Bc5 4. Nc3 Nf6 5. h3 d6 6. Nd5 Be6 7. c3 a6 8. d3 b5 9. Nxf6+ Qxf6 10. Bg5 Qg6
11. Bxe6 Qxe6 12. Qe2 f6 13. Be3 Bxe3 14. Qxe3 O-O 15. O-O Rfd8 16. Rfd1 Ne7 17. b4 d5 18. Qc5 Qd6 19. Qxd6 Rxd6 20. d4 dxe4
21. Ne1 exd4 22. cxd4 Nc6 23. Nc2 Rad8 24. a3 Nxd4 25. Ne3 Ne2+ 26. Kf1
1-0

[Event "Turtle Speed # 31"]
[Site "SchemingMind.com"]
[Date "2009.04.10"]
[Round "-"]
[White "dla ani"]
[Black "rampichino"]
[Result "1-0"]
[WhiteCountry "POL"]
[BlackCountry "ITA"]
[WhiteElo "2050"]
[WhiteRD "81"]
[BlackElo "1268"]
[BlackRD "94"]
[GameID "199873"]

1. e4 e5 2. Nf3 Nc6 3. Nc3 Nf6 4. Bb5 Bb4 5. O-O O-O 6. d3 d6 7. Bg5 Bxc3 8. bxc3 Qe7 9. Re1 Nd8 10. d4 Ne6
11. Bc1 c6 12. Bf1 Qc7 13. Ba3 b5 14. dxe5 dxe5 15. Bxf8 Kxf8 16. Qd2 a5 17. c4 Ba6 18. Qc3 Nd7 19. a3 f6 20. cxb5 cxb5
21. Qb3 Qc6 22. Qd5 Qxd5 23. exd5 Nec5 24. Rab1 Rb8 25. c3 Na4 26. Rec1 Ke7 27. Nd2 f5 28. Nb3 Rc8 29. Nxa5 Rc5 30. Nc6+ Kd6
31. Nb4 Bb7 32. Na2 Bxd5 33. Rd1 Ke6 34. Bxb5 Rxb5 35. Rxb5 Bxa2 36. Rb7
1-0

[Event "Turtle Speed # 31"]
[Site "SchemingMind.com"]
[Date "2009.04.10"]
[Round "-"]
[White "vaekingjar"]
[Black "Darnell"]
[Result "0-1"]
[WhiteCountry "USA"]
[BlackCountry "CAN"]
[WhiteElo "1002"]
[WhiteRD "196"]
[BlackElo "1400"]
[BlackRD "71"]
[GameID "199886"]

1. d4 Nf6 2. Nf3 g6 3. c4 Bg7 4. Nc3 O-O 5. e4 d6 6. Be2 a5 7. O-O Na6 8. Bf4 Nh5 9. Bg5 Qe8 10. h3 e5
11. dxe5 dxe5
0-1

[Event "Turtle Speed # 31"]
[Site "SchemingMind.com"]
[Date "2009.04.10"]
[Round "-"]
[White "vaekingjar"]
[Black "dla ani"]
[Result "0-1"]
[WhiteCountry "USA"]
[BlackCountry "POL"]
[WhiteElo "1002"]
[WhiteRD "196"]
[BlackElo "1975"]
[BlackRD "96"]
[GameID "199887"]

1. d4 Nf6 2. Nf3 e6 3. c4 b6 4. Nc3 Bb7 5. a3 Be7 6. g3 O-O 7. Bg2 d6 8. d5 exd5 9. cxd5 Nbd7 10. Nd4 a5
11. Nc6 Bxc6 12. dxc6 Ne5 13. f4 Ng6 14. O-O Re8 15. Qd3 Bf8 16. Be3 d5
0-1

[Event "Turtle Speed # 31"]
[Site "SchemingMind.com"]
[Date "2009.04.10"]
[Round "-"]
[White "Darnell"]
[Black "vaekingjar"]
[Result "1-0"]
[WhiteCountry "CAN"]
[BlackCountry "USA"]
[WhiteElo "1400"]
[WhiteRD "71"]
[BlackElo "1002"]
[BlackRD "196"]
[GameID "199891"]

1. e4 c5 2. Nf3 Nc6 3. d4 cxd4 4. c3 Nf6 5. e5 Nd5 6. cxd4 d6 7. Bb5 Qa5+ 8. Nc3 Nxc3 9. Bxc6+ bxc6 10. bxc3 Qxc3+
11. Bd2 Qd3 12. Rc1 Ba6 13. Rc3 Qf5 14. Qa4 Qb1+ 15. Rc1
1-0

[Event "Turtle Speed # 31"]
[Site "SchemingMind.com"]
[Date "2009.04.10"]
[Round "-"]
[White "dla ani"]
[Black "vaekingjar"]
[Result "1-0"]
[WhiteCountry "POL"]
[BlackCountry "USA"]
[WhiteElo "1975"]
[WhiteRD "96"]
[BlackElo "1002"]
[BlackRD "196"]
[GameID "199892"]

1. e4 c5 2. Nc3 Nc6 3. f4 e6 4. Nf3 Nge7 5. g3 g6 6. e5 d5 7. exd6 Nf5 8. Ne4 Bxd6 9. Nxd6+ Qxd6 10. b3 O-O
11. Bb2 b6 12. Bg2 Bb7 13. O-O f6 14. Qe2 Rae8 15. d3
1-0

[Event "Turtle Speed # 31"]
[Site "SchemingMind.com"]
[Date "2009.04.12"]
[Round "-"]
[White "Phillip Beckett"]
[Black "jtrochez1"]
[Result "0-1"]
[WhiteCountry "ENG"]
[BlackCountry "HON"]
[WhiteElo "1648"]
[WhiteRD "58"]
[BlackElo "1534"]
[BlackRD "51"]
[GameID "199912"]

1. d4 d5 2. e3 c6 3. Bd3 Nf6 4. f4 e6 5. Nf3 h6 6. c3 Nbd7 7. O-O Bd6 8. Ne5 Bxe5 9. fxe5 Ne4 10. Qf3 Ng5
11. Qf2 Qe7 12. Nd2 c5 13. e4 c4 14. Bc2 Nb6 15. exd5 exd5 16. Nf3 Be6 17. a4 a5 18. b4 axb4 19. cxb4 c3 20. b5 Nc4
21. Nxg5 hxg5 22. Bd3 Nb6 23. Ba3 Qd7 24. Bd6 Nc8 25. Qe2 Nxd6 26. Qc2 Ne4 27. b6 Kd8 28. a5 Bh3 29. Bxe4 dxe4 30. Qxe4 Be6
31. Rfd1 Bd5 32. Qe3 Qg4 33. g3 Qh3 34. Qf2 g4 35. Rdc1 Rc8 36. Ra3 Qh7 37. Qe1 Qxh2+ 38. Kf1 Qg2#
0-1

[Event "Turtle Speed # 31"]
[Site "SchemingMind.com"]
[Date "2009.04.13"]
[Round "-"]
[White "Phillip Beckett"]
[Black "rampichino"]
[Result "1/2-1/2"]
[WhiteCountry "ENG"]
[BlackCountry "ITA"]
[WhiteElo "1626"]
[WhiteRD "58"]
[BlackElo "1287"]
[BlackRD "99"]
[GameID "199913"]

1. d4 d5 2. e3 Nc6 3. f4 Nf6 4. Nf3 Bf5 5. c3 e6 6. Be2 Bd6 7. O-O Qe7 8. Nbd2 O-O-O 9. Ne5 Bxe5 10. fxe5 Ne4
11. Bf3 Nxd2 12. Bxd2 g5 13. Qa4 h5 14. Rae1 g4 15. Be2 h4 16. Bb5 Qd7 17. Bxc6 Qxc6 18. Qxc6 bxc6 19. Rf4 Kd7 20. Ref1 Ke7
21. b4 a6 22. a4 g3 23. h3 Rh7 24. a5=
1/2-1/2

[Event "Turtle Speed # 31"]
[Site "SchemingMind.com"]
[Date "2009.04.10"]
[Round "-"]
[White "Phillip Beckett"]
[Black "jpants"]
[Result "1-0"]
[WhiteCountry "ENG"]
[BlackCountry "USA"]
[WhiteElo "1620"]
[WhiteRD "56"]
[BlackElo "1262"]
[BlackRD "78"]
[GameID "199914"]

1. d4 d5 2. e3 Nf6 3. Bd3 Ne4 4. f3 Ng5 5. Nd2 Nc6 6. Ne2 e6 7. c3 Be7 8. O-O O-O 9. f4 Ne4 10. Nxe4 dxe4
11. Bxe4 Na5 12. Bd3 g6 13. e4 f5 14. exf5 exf5 15. b4 Nc6 16. Qb3+ Rf7 17. Bc4 Qf8 18. Bxf7+ Qxf7 19. Qxf7+ Kxf7 20. Be3 b6
21. Ng3 a5 22. d5 Nd8 23. Bd4 axb4 24. cxb4
1-0

[Event "Turtle Speed # 31"]
[Site "SchemingMind.com"]
[Date "2009.04.10"]
[Round "-"]
[White "Phillip Beckett"]
[Black "Darnell"]
[Result "0-1"]
[WhiteCountry "ENG"]
[BlackCountry "CAN"]
[WhiteElo "1620"]
[WhiteRD "56"]
[BlackElo "1610"]
[BlackRD "116"]
[GameID "199915"]

1. d4 Nf6 2. e3 d5 3. Bd3 Bd7 4. f4 g6 5. Nf3 Bg4 6. O-O Nc6 7. c3 Qd6 8. Nbd2 h5 9. Qe1 e6 10. Ne5 Be7
11. Ndf3 Nd7 12. Nxd7 Bxf3 13. Ne5 Bg4 14. Qg3 O-O-O 15. h3 Bf5 16. Bxf5 gxf5 17. Nxc6 Qxc6 18. Qf2 h4 19. Qe2 Rdg8 20. Kh2 Rg3
21. Rf3 Rhg8 22. Bd2 Rxg2+ 23. Qxg2 Rxg2+ 24. Kxg2 Qb5 25. Raf1 Qxb2 26. R3f2 Qxa2 27. Bc1 Qc4 28. Bb2 a5 29. Ra1 a4 30. Ba3 Bxa3
31. Rxa3 c6 32. Rfa2 b5 33. Kf2 Qd3 34. Re2 Kb7 35. Re1 Kb6 36. Re2 Ka5 37. Rea2 f6 38. Re2 Qd1 39. Raa2 Qh1
0-1

[Event "Turtle Speed # 31"]
[Site "SchemingMind.com"]
[Date "2009.04.10"]
[Round "-"]
[White "Phillip Beckett"]
[Black "dla ani"]
[Result "0-1"]
[WhiteCountry "ENG"]
[BlackCountry "POL"]
[WhiteElo "1620"]
[WhiteRD "56"]
[BlackElo "1873"]
[BlackRD "132"]
[GameID "199916"]

1. d4 Nc6 2. e3 d5 3. f4 Bf5 4. c3 Qd7 5. Nf3 f6 6. Be2 O-O-O 7. O-O Nh6 8. Nbd2 e6 9. b4 Nf7 10. a4 Bd6
11. a5 Ne7 12. b5 c6 13. Qa4 Kb8 14. bxc6 Qxc6 15. Bb5 Qxc3 16. Ba3 Bc2 17. Bxd6+ Nxd6 18. Rfc1 Qxe3+ 19. Kh1 Bxa4
0-1

[Event "Turtle Speed # 31"]
[Site "SchemingMind.com"]
[Date "2009.04.13"]
[Round "-"]
[White "jtrochez1"]
[Black "Phillip Beckett"]
[Result "0-1"]
[WhiteCountry "HON"]
[BlackCountry "ENG"]
[WhiteElo "1534"]
[WhiteRD "51"]
[BlackElo "1648"]
[BlackRD "58"]
[GameID "199918"]

1. e4 e6 2. d4 d5 3. e5 c5 4. Nf3 Nc6 5. b3 Qb6 6. c3 cxd4 7. a3 dxc3 8. Nxc3 Bc5 9. Qc2 Nd4 10. Nxd4 Bxd4
11. Bb5+ Bd7 12. Bxd7+ Kxd7 13. Bf4 Rc8 14. Rb1 Rxc3 15. Qe2 Ne7 16. O-O Rhc8 17. Rfc1 Rxc1+ 18. Rxc1 Rxc1+ 19. Bxc1 Qxb3 20. h3 Nf5
21. Qh5 g6 22. Qe2 Qc3 23. Qb5+ Qc6 24. Qxc6+ Kxc6 25. Kf1 Kb5 26. Ke2 Kc4 27. g4 Ne7 28. Bg5 Nc6 29. Bf6 Bxe5 30. Bxe5 Nxe5
31. f4 Nc6 32. g5 Nd4+ 33. Kd2 Kb3 34. Ke3 Nc2+ 35. Kd3 Nxa3 36. h4 Nc4 37. Ke2 a5 38. Kd1 a4 39. Kc1 a3 40. Kb1 Ne3
0-1

[Event "Turtle Speed # 31"]
[Site "SchemingMind.com"]
[Date "2009.04.14"]
[Round "-"]
[White "rampichino"]
[Black "Phillip Beckett"]
[Result "0-1"]
[WhiteCountry "ITA"]
[BlackCountry "ENG"]
[WhiteElo "1268"]
[WhiteRD "94"]
[BlackElo "1643"]
[BlackRD "65"]
[GameID "199919"]

1. e4 e6 2. d4 d5 3. e5 c5 4. c3 Nc6 5. Nf3 cxd4 6. cxd4 Qb6 7. Nc3 Nge7 8. Be2 Nf5 9. Na4 Qc7 10. g4 Nh6
11. Bxh6 gxh6 12. g5 hxg5 13. Nxg5 Bh6 14. h4 Qa5+ 15. Nc3 Bd7 16. Bg4 Bxg5 17. hxg5 Qb4 18. Bh5 Qxd4 19. Qxd4 Nxd4 20. Kd2 Ke7
21. Ne2 Nxe2 22. Bxe2 Rac8 23. Bd3 Ba4 24. b3 Bc6 25. Rhg1 h6 26. gxh6 Rxh6 27. Rg7 Rh2 28. Ke2 Rch8 29. Rag1 Rh1 30. Rxh1 Rxh1
31. Bg6 Be8
0-1

[Event "Turtle Speed # 31"]
[Site "SchemingMind.com"]
[Date "2009.04.10"]
[Round "-"]
[White "jpants"]
[Black "Phillip Beckett"]
[Result "0-1"]
[WhiteCountry "USA"]
[BlackCountry "ENG"]
[WhiteElo "1262"]
[WhiteRD "78"]
[BlackElo "1620"]
[BlackRD "56"]
[GameID "199920"]

1. d4 d5 2. Nf3 Nf6 3. Nc3 e6 4. Ne5 Nbd7 5. Bf4 Nxe5 6. dxe5 Nd7 7. Qd4 c5 8. Qa4 Be7 9. e4 O-O 10. O-O-O Nb6
11. Qb5 Bd7 12. Qa5 Nc4 13. Qxd8 Rfxd8 14. exd5 exd5 15. Rxd5 Be6 16. Rxc5 Bxc5 17. Ne4 Bf8 18. b3 Nb6 19. Be2 Rac8 20. Be3 Ba3+
21. Kb1 Nd5 22. Rd1 Nxe3 23. fxe3 Rxd1+ 24. Bxd1 Bc5
0-1

[Event "Turtle Speed # 31"]
[Site "SchemingMind.com"]
[Date "2009.04.10"]
[Round "-"]
[White "Darnell"]
[Black "Phillip Beckett"]
[Result "1-0"]
[WhiteCountry "CAN"]
[BlackCountry "ENG"]
[WhiteElo "1610"]
[WhiteRD "116"]
[BlackElo "1620"]
[BlackRD "56"]
[GameID "199921"]

1. e4 e6 2. d4 d5 3. exd5 exd5 4. c4 dxc4 5. Bxc4 Bb4+ 6. Nc3 Nf6 7. Qb3 Bxc3+ 8. Qxc3 O-O 9. Bg5 c6 10. Ne2 Nbd7
11. O-O h6 12. Bh4 Nb6 13. Bb3 Qd6 14. Bg3 Qd8 15. Qd3 Bg4 16. Nf4 Nfd5 17. Bc2 Nf6 18. Bh4 Nbd7 19. h3 Be6 20. Nh5 g6
21. Nf4 Bf5 22. Qb3 Bxc2 23. Qxc2 Kg7 24. Qb3 Qb6 25. Qxb6 Nxb6 26. Bg3 Nfd5 27. Nd3 Rfe8 28. Rfe1 Nf6 29. Nc5 Rab8 30. Bxb8 Rxb8
31. Re7 Nbd5 32. Rxb7 Rxb7 33. Nxb7 Ne4 34. Rc1 Ne7 35. Re1
1-0

[Event "Turtle Speed # 31"]
[Site "SchemingMind.com"]
[Date "2009.04.10"]
[Round "-"]
[White "dla ani"]
[Black "Phillip Beckett"]
[Result "1-0"]
[WhiteCountry "POL"]
[BlackCountry "ENG"]
[WhiteElo "1873"]
[WhiteRD "132"]
[BlackElo "1620"]
[BlackRD "56"]
[GameID "199922"]

1. c4 e6 2. Nc3 d5 3. cxd5 exd5 4. d4 Nf6 5. Bg5 Be7 6. e3 h6 7. Bh4 O-O 8. Bd3 Nbd7 9. Nge2 c6 10. O-O Re8
11. Qc2 Nf8 12. Rfb1 Be6 13. b4 N6d7 14. Bg3 Nf6 15. a4 Bd6 16. b5 Bxg3 17. Nxg3 cxb5 18. axb5 Qb6 19. Na4 Qd6 20. b6 axb6
21. Qb2 Rec8 22. Nxb6 Rxa1 23. Rxa1 Rc6 24. Na4 Qc7 25. Rb1 N8d7 26. Qxb7 Rc1+ 27. Nf1 Qxb7 28. Rxb7 Ra1 29. Nc5 Ra8 30. Nxe6 fxe6
31. Rb1 Kf7 32. g3 Ra3 33. Rd1 Nf8 34. Kg2 N8d7 35. Be2 Ra2 36. Rd2 Rxd2 37. Nxd2 e5 38. Nb3 e4 39. Bd1 Nb6 40. Nc5 Ke7
41. f3 exf3+ 42. Bxf3 Kd6 43. Kf2 Nfd7 44. Nxd7 Kxd7 45. e4 dxe4 46. Bxe4 Nc4 47. Bd3 Nd6 48. Ke3 Ke6 49. Be4 Ne8 50. Bg6 Nd6
51. h4 Kd5 52. Kd3 Nb5 53. Bf7+ Kd6 54. h5 Nc7 55. Ke4 Na6 56. Kf5 Ke7 57. Kg6 Kf8 58. Bc4 Nc7 59. Kf5 Ke7 60. Ke5 Ne8
61. d5 Nd6 62. Bd3 Ne8 63. Bg6 Nd6 64. Bd3 Nc8= 65. Bf5 Nd6 66. Be6 Ne8 67. Kf5 Kf8 68. Bd7 Nd6+ 69. Ke6 Nc4 70. d6 Nb6
71. Bc6 g5 72. d7 Nxd7 73. Bxd7 Kg7 74. Bb5 Kh7 75. Kf7 g4 76. Bd3+ Kh8 77. Kg6 Kg8 78. Kxh6 Kh8 79. Kg5 Kg7 80. h6+ Kg8
81. Kxg4 Kh8 82. Kf5 Kg8 83. Kf6 Kh8 84. g4 Kg8 85. g5 Kh8 86. g6 Kg8 87. h7+ Kh8 88. g7#
1-0

[Event "Turtle Speed # 31"]
[Site "SchemingMind.com"]
[Date "2009.04.10"]
[Round "-"]
[White "vaekingjar"]
[Black "Phillip Beckett"]
[Result "0-1"]
[WhiteCountry "USA"]
[BlackCountry "ENG"]
[WhiteElo "1002"]
[WhiteRD "196"]
[BlackElo "1626"]
[BlackRD "58"]
[GameID "199923"]

1. e4 e6 2. d4 d5 3. Nc3 dxe4 4. Nxe4 Nf6 5. Nxf6+ Qxf6 6. Nf3 Nd7 7. Bg5 Qg6 8. Bd3 Qh5 9. h3 f5 10. Qe2 Nf6
11. Bxf6 gxf6
0-1